00404 a2200145 4500003000500000005001700005040000900022082001000031100002600041245011100067260003600178300000900214650001600223651001900239Nust20170207171856.0 cNust a005.1 aAhmed, Naveed BESE-18 aDon't Rush-It's Jam There cNaveed Ahmed, Muhammad Azeem Qamar, Kamran Riaz, Muhammad Sibghat Ullah Tariq  aMCS, NUSTbRawalpindicMay 2016 a67 p aUG Projects aUG CSE Project